| Tag |
First Indicator |
Second Indicator |
Subfields |
| LEADER |
00000cam a2200000 a 4500 |
| 001 |
in00000006982 |
| 005 |
20151004070024.0 |
| 008 |
870311s1987 nyuaf d 00110ceng |
| 010 |
|
|
|a 87007515
|
| 020 |
|
|
|a 0313255245 (lib. bdg. : alk. paper)
|
| 035 |
|
|
|a (OCoLC)15428601
|
| 035 |
|
|
|9 AAA1445AM
|
| 040 |
|
|
|a DLC
|c DLC
|d TXA
|d UtOrBLW
|
| 043 |
|
|
|a n-us-ny
|
| 049 |
|
|
|a TXAM
|c [A11000298]
|
| 050 |
0 |
0 |
|a PN2067
|b .O94 1987
|
| 082 |
0 |
|
|a 792/.026/0924
|a B
|2 19
|
| 100 |
1 |
|
|a Owen, Bobbi.
|
| 245 |
1 |
0 |
|a Costume design on Broadway :
|b designers and their credits, 1915- 1985 /
|c Bobbi Owen.
|
| 264 |
|
1 |
|a New York :
|b Greenwood Press,
|c 1987.
|
| 300 |
|
|
|a xv, 254 pages, 86 unnumbered pages of plates :
|b illustrations ;
|c 24 cm.
|
| 336 |
|
|
|a text
|b txt
|2 rdacontent
|
| 337 |
|
|
|a unmediated
|b n
|2 rdamedia
|
| 338 |
|
|
|a volume
|b nc
|2 rdacarrier
|
| 490 |
1 |
|
|a Bibliographies and indexes in the performing arts,
|x 0742-6933 ;
|v no. 5
|
| 500 |
|
|
|a Includes index.
|
| 650 |
|
0 |
|a Costume designers
|z New York (N.Y.)Biography
|x Dictionaries.
|
| 830 |
|
0 |
|a Bibliographies and indexes in the performing arts ;
|v no. 5.
|
| 999 |
|
|
|a MARS
|
| 999 |
f |
f |
|s 1d017fbd-294c-3689-8057-b380427da720
|i 65fd4ed3-292f-3614-af61-d388183b7d0b
|t 0
|
| 952 |
f |
f |
|p ric
|a Texas A&M University
|b Rellis Campus
|c Joint Library Facility
|d Remote Storage
|t 0
|e PN2067 .O94 1987
|h Library of Congress classification
|i unmediated -- volume
|m A14811000298
|
| 998 |
f |
f |
|a PN2067 .O94 1987
|t 0
|l Remote Storage
|